000 00539nam a2200181Ia 4500
008 240925s9999 xx 000 0 und d
020 _a8178084872
082 _a004.01 LEW
100 _aHarry, R. Lewis; Papadimitriou ,Christos H.
245 0 _aElement of The Theory of Computation
250 _a2nd
260 _aSingapore:
_bPearson education
_c,2001.
300 _axxxi,991p.
_bNA
_fOriginal
500 _aIncludes Index
600 _aEngineering Technology
650 _aComputer science, information & general works
942 _cBK
999 _c7058
_d7058